Score 0/18 Timer 04:00
0 Plays Today
Scrambled Word Answer % Correct
NETEnt
96.9%
OFORDFrodo
86.3%
DORMROMordor
79.8%
CLKBA AGETBlack Gate
76.5%
LOGLMUGollum
76.3%
RSEIHShire
66.5%
LFADNGAGandalf
65.3%
SALGOELLegolas
57.9%
WERNAArwen
55.9%
Scrambled Word Answer % Correct
HORNARohan
53%
NGROODGondor
50.1%
OAGRANRAragorn
49.6%
BTHBIOHobbit
48.5%
IAORMMoria
48.1%
AGNFONR ROFTSEFangorn Forest
47.1%
LESFLOWPHIFellowship
22.4%
ERSNDIGAIsengard
17.4%
HTETWREAPOWeathertop
15.5%

You're not logged in!

Compare scores with friends on all Sporcle quizzes.
OR
Log In

Sporcle TV

Today on Sporcle TV


Watch our educational content, quiz creation guides, and fun videos on Sporcle TV.

Show Comments

Extras

Top Quizzes Today


Score Distribution

Your Account Isn't Verified!

In order to create a playlist on Sporcle, you need to verify the email address you used during registration. Go to your Sporcle Settings to finish the process.

Report this User

Report this user for behavior that violates our Community Guidelines.

Details: